| 000 | 00415cam a22001217a 4500 | ||
|---|---|---|---|
| 008 | 180718b1962 xxu||||| |||| 00| 0 eng d | ||
| 082 | _aXA22x42 Un3 | ||
| 245 |
_aCaravan parks: location, layout, landscape _cby Ministry Of Housing And Local Government |
||
| 260 |
_aLondon _bHer Majesty's Sationery Office _c1962 |
||
| 300 | _a52p | ||
| 650 | _aTrailer camps. | ||
| 700 | _aU.K. Ministry Of Housing And Local Government | ||
| 999 |
_c413912 _d413912 |
||